000 00359nam a2200169Ia 4500
003 0100
008 130303s9999 xx 000 0 und d
040 _cARRUPELIB
050 _aU21.2.D94 1984
100 _aDyson, Freeman
245 _aWeapons and Hope
260 _aNY
260 _bHarper Row, INC
260 _C1984
300 _a340p
942 0 0 _02
999 _c24254
_d24254